Analýza vzťahu cien zlata a striebra

Všeobecná charakteristika zlata a striebra. Vývoj cien zlata a striebra v období rokov 1900-2005. Silná závislosť oboch komodít. Vzťah ceny a objemu produkcie. Svetová produkcia zlata a striebra v rokoch 1900-2005.

Guardado en:
Detalles Bibliográficos
Autor principal: Árendáš, Peter, 1986-
Formato: Capítulo de libro
Lenguaje:eslovaco
Materias:
Etiquetas: Agregar Etiqueta
Sin Etiquetas, Sea el primero en etiquetar este registro!

MARC

LEADER 00000nla$a2200000$$$4500
001 0116794
005 20240502072312.6
041 0 |a slo 
044 |a SK 
245 1 0 |a Analýza vzťahu cien zlata a striebra  |c Peter Árendáš 
520 |a Všeobecná charakteristika zlata a striebra. Vývoj cien zlata a striebra v období rokov 1900-2005. Silná závislosť oboch komodít. Vzťah ceny a objemu produkcie. Svetová produkcia zlata a striebra v rokoch 1900-2005. 
610 2 0 |a zlato 
610 2 0 |a striebro 
610 2 0 |a komodity 
610 2 0 |a ceny 
610 2 0 |a vývoj 
610 2 0 |a produkcia 
610 2 0 |a svet 
100 1 |a Árendáš, Peter, 1986-